| 000 | 02294nam a2200349 4500 | ||
|---|---|---|---|
| 003 | OSt | ||
| 005 | 20230916120337.0 | ||
| 008 | 230916b |||||||| |||| 00| 0 eng d | ||
| 020 | _a4-3-153--12 | ||
| 040 |
_aBiblioteca Comunicación Social _dRDA _cBiblioteca Comunicación Social |
||
| 041 |
_aspa _hspa |
||
| 050 | _bspa | ||
| 082 | _221 | ||
| 092 | _SL579a | ||
| 100 |
_aLeonida, Aliaga Garcia _eASutor _91299 |
||
| 245 | _aAportes Didácticos a la Enseñanza Aprendizaje en la Educación Superior | ||
| 250 |
_aPrimera Edición: _bVolumen I |
||
| 260 |
_aEl Alto - Bolivia: _bCEFORI - UPEA; _c2012 |
||
| 300 |
_a160 Páginas: _bTapa Blanda: _c22 X 16 Centimetros |
||
| 336 |
_2rdacontent _aTexto _btxt |
||
| 505 | 2 | _aCapitulo I. Cultivo in vitro en casa en una Didáctica para un buen Aprendizaje.- II. Discusión de casos clínicos como técnica Didáctica para la Enseñanza en Medicina.- III. Impacto de tres medios Didácticos en la Enseñanza del VIH/SIDA en estudiantes Universitarios de la Crrera de Medicina .- IV. Didáctica en Educación Superior " La Educación en Medicina Familiar".- V. Didáctica por competencias profesionales integrales en la Crrera de Odontología.- VI. Didáctica en Educación Superior "Didáctica para el Aprendizaje de Diseños Experimentales en Agronomía".- VII. La práctica como desarrollo intuitivo en Aulto.- VIII. Las TIC'S en las Universidades.- VIII. La Educación y la Didáctica Arraigada de Enseñanza en el siglo XXI.- IX. Innovación de la Enseñanza y Aprendizaje, en base a la experiencia, Teórico práctico en Instrumentación Quirúrgica.- X. Didáctica de Aprendizaje Enseñanza de la lengua Aymara como segunda Lengua en la Educación Superior. | |
| 520 | _aEl cultivo in vitro pueda parecer complicada y costosa, una vez que nos familiarizamos con ella y conocemos sus bases generales, resulta sencilla y hasta divertida. | ||
| 521 | _aEste libro está dirigido a estudiantes de la Carrera de Comunicación Social, docentes, Investigadores. | ||
| 650 | _2SOCIALES | ||
| 653 | _aINTERACCIÓN EN EL AULA | ||
| 653 | _aPROFESIÓN Y EDUCACIÓN | ||
| 653 | _aCONCIENCIA | ||
| 653 | _aINFORMACIÓN | ||
| 653 | _aCONSTRUCCIÓN DE MÉTODOS | ||
| 653 | _aDESARROLLO | ||
| 942 |
_2ddc _n0 _cBK _mRodrigo Abel Apaza Colquehuanca |
||
| 999 |
_c968 _d968 |
||